| 000 | 00504nam a2200169 a 4500 | ||
|---|---|---|---|
| 005 | 20240913063926.0 | ||
| 008 | 991125s1920 mx 000 0 spa u | ||
| 035 | _aUPN01000007208 | ||
| 049 | _aCE | ||
| 050 | 4 |
_aKGC331 _bM3.3 |
|
| 100 | 1 | _aMacías, José Miguel | |
| 245 | 1 | 0 |
_aCatecismo de derecho político constitucional / _cpor José Miguel Macías. |
| 260 |
_aVeracruz, Ver. : _bLibrerías La Ilustración, _c[192?]. |
||
| 300 | _a87 p. | ||
| 650 | 4 |
_aDerecho constitucional _910180 |
|
| 905 | _aLibro | ||
| 999 |
_c7208 _d7208 |
||